000 00567nam a2200181Ia 4500
008 151202s9999||||xx |||||||||||||| ||und||
082 _bPNVM-62333
100 _aभागवत दुर्गा.
245 _aव्यासपर्व.
260 _b"मौज प्रकाशन गृह,पुणे."
260 _c62333
300 _a133
600 _aभागवत दुर्गा.
630 _aव्यासपर्व.
700 _aभागवत दुर्गा.
730 _aव्यासपर्व.
942 _cBOOK
999 _c1328867
_d1328864